Retrospective 100 years of the mill in Pohonský Ruskov

Bibliographic Details
Main Authors: Vincze, Ladislav (Author), Močko, Peter (Author)
Other Authors: Liptáková, Monika (Translator)
Format: Book
Language:English
Slovak
PhysicalDescription:120 s. fotogr. 16 x 22 cm
Published: [Rybník] AGRIPA 2013
ISBN:9788097123215
Edition:1st ed.
Subjects:

MARC

LEADER 00000nam a2200000 a 4500
001 vtls010873228
003 SK-MaSNL
005 20260301175439.0
008 240313s2013 xo o g n 000 0 eng
015 |a SNBA2015/10 
020 |a 9788097123215  |q (viaz.) 
035 |a 697C0AF2-08E9-4F94-8314-EB6F69712B88 
035 |a urn:nbn:sk:snk-amkzh8 
035 |a urn:nbn:sk:snk-am008p1h 
040 |a SNK  |b slo  |c SNK  |e AACR2 
041 1 |a eng  |b eng  |b ger  |h slo 
043 |a e-xo--- 
044 |a xo  |c SK 
072 7 |a 664  |x Potravinársky priemysel  |2 konspekt 
080 |a 664.71  |2 2001 
080 |a 664.7  |2 2001 
080 |a (437.6)  |2 2001 
080 |a (048.8)  |2 2001 
100 1 |a Vincze, Ladislav  |4 aut  |9 345357 
245 1 0 |a Retrospective 100 years of the mill in Pohonský Ruskov  |c Ladislav Vincze, Peter Močko ; [translation: Monika Liptáková] 
246 3 0 |a 100 years of the mill in Pohonský Ruskov 
250 |a 1st ed. 
260 |a [Rybník]  |b AGRIPA  |c 2013 
300 |a 120 s.  |b fotogr.  |c 16 x 22 cm 
500 |a Názov z obalu 
500 |a Miesto vyd. podľa ISBN 
504 |a Bibliogr.: s. 119 
546 |a Res. angl. a nem. 
650 0 7 |a mlyny  |2 SNKPH  |9 29840 
650 0 7 |a mlynárstvo  |x dejiny  |2 SNKPH  |9 416773 
650 0 7 |a Mils  |2 SNKPHeng  |9 416771 
650 0 7 |a Miller's trade  |x history  |2 SNKPHeng  |9 416772 
651 7 |a Pohronský Ruskov (Slovensko)  |2 SNKPH  |9 89683 
651 7 |a Pohronský Ruskov (Slovakia)  |2 SNKPHeng  |9 416774 
655 7 |a monografie  |2 SNKPH  |9 70139 
655 7 |a Monographs  |2 SNKPHeng  |9 120675 
700 1 |a Močko, Peter  |4 aut  |9 416775 
700 1 |a Liptáková, Monika  |4 trl  |9 549258 
919 |a 978-80-971232-1-5 
958 |a NB 
958 |a OP 
968 |a Eng  |b SLO 
999 |c 843043  |d 844973 
952 |a SNK  |b SNK  |y PREZ  |7 0  |p 17A1172066  |o snkSD 84540  |i snk2015/27108  |8 0  |0 0  |1 0  |4 0  |d 2015-09-24  |f 1  |l 0  |r 2017-06-30 00:00:00  |w 2026-02-24 
952 |a SNK  |b SNK  |y VYP  |7 0  |p 17A1172067  |o snkSD 84540 D1  |i snk2015/27109  |8 0  |0 0  |1 0  |4 0  |d 2015-09-24  |l 0  |r 2017-06-30 00:00:00  |w 2026-02-24